| 000 | 00977nam a2200193 a 4500 | ||
|---|---|---|---|
| 008 | 170112s2014 ||||||||||||||||| || u | ||
| 050 | _aCBU-UG THESIS/MAL | ||
| 100 | _aMalawo, Cynthia | ||
| 245 | 1 | 2 |
_aA preliminary study on Leptocybe Invasa the blue gum chalcid wasp by collecting information on its ecology, biology, damage, symptoms and proposed control strategy on Eucalyptus tree species in Zambia. _cby Cynthia Malawo |
| 260 |
_aKitwe _bCopperbelt University _c2014 |
||
| 300 | _avii, 33p.: ill. | ||
| 500 | _aBibliography | ||
| 650 | _aTREES--DISEASES AND PESTS--CONTROL | ||
| 650 | _aPLANT DISEASES | ||
| 650 | _aPESTS--CONTROL | ||
| 650 | _aPESTS--CONTROL--ZAMBIA | ||
| 995 |
_aSPECIAL COLLECTIONS _e4205 _FCBU-MAIN LIBRARY (Kitwe) _jCBU-UG THESIS/MAL _M2 _UAVAILABLE _WJul 27, 2020 _yB4205 _ZUniversity Collection |
||
| 995 |
_aSPECIAL COLLECTIONS _e2993 _FCBU-KAPASA MAKASA LIBRARY (Chinsali) _jCBU-UG THESIS/MAL _M1 _UAVAILABLE _WJan 12, 2017 _yB2993 _ZUniversity Collection |
||
| 999 |
_c77022 _d77022 |
||